000 00346nam a2200121Ia 4500
008 240624s9999 xx 000 0 und d
041 _aeng
082 _a658.4013 INT
100 _aINTERNATIONAL TRADE CENTRE
245 _aTOTAL QUALITY CONTROL AT ENTERPRISE LEVE
260 _c1986
_aGeneva
_bD. L. Shah Trust
300 _aviii, : 141 : p. : cm. ; 24
999 _c9314
_d9314